000 00724nam a2200205Ia 4500
003 GCL
005 20240530102759.0
008 140319s9999 xx 000 0 ara d
040 _aGCL /
_cGCL
082 0 4 _a918
_bم ر
100 1 _aمحمد بن ناصر العبودى
245 1 0 _aبين الارغواى و البارغواى /
_cمحمد بن ناصر العبودى
250 _aالاولى
260 _aالرياض :
_bمطابع الفرزدق التجارية ،
_c1992
300 _a213 ص ؛
_c24 سم
650 0 4 _aالارغواى - وصف و رحلات
650 0 4 _aالبارغواى - وصف و رحلات
650 0 4 _aامريكا الجنوبية - وصف و رحلات
942 _2ddc
_cBK
999 _c34612
_d34612